Research for public transit : (Record no. 3005)
[ view plain ]
| 000 -LEADER | |
|---|---|
| fixed length control field | 00877pam a2200145 a 4500 |
| 020 ## - INTERNATIONAL STANDARD BOOK NUMBER | |
| ISBN | 0309044618 (pbk.) |
| 050 00 - CALL NUMBER | |
| Classification number | HE4451 |
| Item number | .R47 |
| 245 00 - TITLE | |
| Title | Research for public transit : |
| Remainder of title | new directions : strategic transportation research study : transit. |
| 260 ## - PUBLICATION INFORMATION | |
| Place of publication | Washington, D.C. : |
| Name of publisher | Transportation Research Board, National Research Council, |
| Year of publication | 1987. |
| 300 ## - DESCRIPTION | |
| Number of Pages | vi, 146 p. : |
| Other physical details | ill. ; |
| Dimensions | 23 cm. |
| 505 ## - FORMATTED CONTENTS NOTE | |
| Table of Content | Executive summary --<br/>Introduction --<br/>Evolution of the public transportation industry --<br/>Transit research: Programs and priorities since 1962 --<br/>Developing a problem-solving transit research program --<br/>Financing an operator-oriented research program --<br/>Managing and administering the research program --<br/>Next steps --<br/>Appendices --<br/>Study Committee biographical information. |
| 650 #0 - SUBJECTS | |
| Topical Term | Local transit |
| General subdivision | Research |
| 650 #0 - SUBJECTS | |
| Topical Term | Transportation |
| General subdivision | Research |
| 942 ## - ADDED ENTRY ELEMENTS (KOHA) | |
| Koha item type | Books |
| Withdrawn status | Lost status | Collection code | Home library | Current library | Shelving location | Date acquired | Full call number | Accession Number | Copy number | Koha item type |
|---|---|---|---|---|---|---|---|---|---|---|
| Reference | Methodist University Library Main | Methodist University Library Main | General Stacks | HE4451 .R47 | 16379 | 1 | Books |